000 00358nam a2200157Ia 4500
003 OSt
005 20231220092430.0
008 170524s9999 xx 000 0 und d
020 _a8126110686
040 _cIIMT UNIVERSITY MEERUT
100 _aSudan - Amrik Singh
245 0 _aHospitality Marketing
260 _bAnmol
260 _c2002
942 _2ddc
_c02
999 _c7495
_d7495